Footballers That Have Played in the Bundesliga - Sudden Death - Statistics

General Stats
  • This quiz has been taken 103 times
    46 since last reset
  • The average score is 9 of 10
Answers on the Grid
Answers color-coded by a green-red scale on the quiz's grid according to % correct below.
Yves Bissouma
Viktor Gyökeres
Serhou Guirassy
Rayan Cherki
Ollie Watkins
Nico O'Reilly
Miroslav Klose
Bukayo Saka
Marco Reus
Luke Shaw
Lúcio
Kim Min-Jae
Joshua Kimmich
João Félix
Jamie Gittens
Hugo Ekitike
Harvey Elliott
David Alaba
Conor Gallagher
Alphonso Davies
 
Answer Stats
Answer % Correct
Marco Reus
98%
Joshua Kimmich
95%
Alphonso Davies
93%
David Alaba
93%
Kim Min-Jae
90%
Miroslav Klose
90%
Hugo Ekitike
88%
Serhou Guirassy
88%
Jamie Gittens
85%
Lúcio
73%
No matching quizzes found
Score Distribution
Percent of People with Each Score
Percentile by Number Answered
Your Score History
You have not taken this quiz since the last reset